• 首页
  • 本馆介绍
  • 公告通知
  • 最新文献
  • 馆藏检索
  • 电子资源
  • 读者导购
  • 参考咨询
  • 我的图书馆
  • 登录
  • 详细信息显示
  • 放入我的书架
  • 预约/预借图书
  • 作者相关作品
  • 分类相关作品
  • 丛书相关作品
  • 出版社相关作品

书目信息

  • 表格格式
  • 工作单格式
  • 卡片格式
题名:
排队的文明
    
 
作者: 王则柯 著
分册:  
出版信息: 北京   社会科学文献出版社  2001.10
页数: 228页
开本: 21cm
丛书名: 经济新观察
单 册:
中图分类: F0-49
科图分类:
主题词: 经济学--通俗读物
电子资源:
ISBN: 7-80149-594-2
000 00608nam0 2200217 45
001 0201271497
005 20031219104053.2
010    @a7-80149-594-2@dCNY15.00
100    @a20020127d2001 km y0chiy0120 ea
101 0  @achi
105    @a z 000yy
200 1  @a排队的文明@APai Dui De Wen Ming@f王则柯著@FWang Ze Ke Zhu
210    @a北京@c社会科学文献出版社@d2001.10
215    @a228页@d21cm
225    @a经济新观察@i王则柯系列
410    @12001 @a经济新观察
606 0  @a经济学@x通俗读物
690    @aF0-49@v4
701  0 @a王则柯@4著
801    @aCN@bTSTC@c20020127
905    @b305812-816@dF0-49@e152@f5
    
    排队的文明/王则柯著.-北京:社会科学文献出版社,2001.10
    228页;21cm.-(经济新观察.王则柯系列)
    
    
    ISBN 7-80149-594-2:CNY15.00
    
●
相关链接 在E读中查询图书 在五车中查询图书 在当当中查询图书 在豆瓣中查询图书


正题名:排队的文明     索取号:F0-49/152         预约/预借

序号 登录号 条形码 馆藏地/架位号 状态 备注
1 0305812   203058127   第一借阅区/ [索取号:F0-49/152] 在馆    
2 0305813   203058136   密集书库/ [索取号:F0-49/152] 在馆    
3 0305814   203058145   第一借阅区/ [索取号:F0-49/152] 在馆    
4 0305815   203058154   密集书库/ [索取号:F0-49/152] 在馆    
5 0305816   203058163   第一样本阅览室/ [索取号:F0-49/152] 在馆    
唐山师范学院图书馆 欢迎您!
大连网信软件有限公司© 版权所有